000 00810nam a2200253Ia 4500
003 OSt
005 20220912151202.0
006 a|||||r|||| 00| 0
007 ta
008 220909b |||||||| |||| 00| 0 eng d
024 _a19339
037 _cTextual
040 _aCSL
_beng
_cCSL
041 _aeng
082 _aB0gD65,8(B)p1,N73, L4
100 _aLasalle Joseph P Ed.
111 _aProceedings of symposia in applied mathematics (Augu--17, : University of Montana Montana)
245 0 _aInfluence of compuitng on mathematical research and education
260 _aProvidence
_bAmerican Mathematical Society
_c1974
300 _aviii, 205p.
_ccm.
650 _aMathematics
942 _hB0gD65,8(B)p1,N73, L4
_cTEXL
_2CC
999 _c63056
_d63056